Normal view
MARC view
Entry Topical Term
001 - CONTROL NUMBER
- control field: 28498
003 - CONTROL NUMBER IDENTIFIER
- control field: ARRUPE
005 - DATE AND TIME OF LATEST TRANSACTION
- control field: 20170127152150.0
008 - FIXED-LENGTH DATA ELEMENTS
- fixed length control field: 170127|| aca||aabn | a|a d
040 ## - CATALOGING SOURCE
- Original cataloging agency: ARRUPE
- Transcribing agency: ARRUPE
150 ## - HEADING--TOPICAL TERM
- Topical term or geographic name as entry element: Priesthood
- General subdivision: History of doctrines.
670 ## - SOURCE DATA FOUND
- Source citation: Work cat.: (ARRUPE)0: Mohler, James A. 28497, The origin and evolution of the priesthood;, [1970]